000 00449cam a2200169ua 4500
020 _c2.50
041 _amal
_h
082 _a894.8124
_bKRI/VI
100 _aKrishna Pillai, Kuttipuzha.
245 _aVicharaviplavam /
_cKuttipuzha Krishna Pillai.
_hTextual Documents
260 _aKottayam :
_bSahitya Pravarthaka Co-operative Society ,
_c1963.
300 _a198 ; .
365 _a2.50
504 _a
942 _cBK
999 _c5945
_d5945